<?xml version="1.0" encoding="UTF-8"?><?xml-stylesheet type="text/xsl" href="static/style.xsl"?><OAI-PMH xmlns="http://www.openarchives.org/OAI/2.0/" xmlns:xsi="http://www.w3.org/2001/XMLSchema-instance" xsi:schemaLocation="http://www.openarchives.org/OAI/2.0/ http://www.openarchives.org/OAI/2.0/OAI-PMH.xsd"><responseDate>2026-04-13T07:35:32Z</responseDate><request verb="GetRecord" identifier="oai:www.recercat.cat:2117/129023" metadataPrefix="marc">https://recercat.cat/oai/request</request><GetRecord><record><header><identifier>oai:recercat.cat:2117/129023</identifier><datestamp>2025-07-22T18:52:33Z</datestamp><setSpec>com_2072_1033</setSpec><setSpec>col_2072_452951</setSpec></header><metadata><record xmlns="http://www.loc.gov/MARC21/slim" xmlns:dcterms="http://purl.org/dc/terms/" xmlns:xsi="http://www.w3.org/2001/XMLSchema-instance" xmlns:doc="http://www.lyncode.com/xoai" xsi:schemaLocation="http://www.loc.gov/MARC21/slim http://www.loc.gov/standards/marcxml/schema/MARC21slim.xsd">
   <leader>00925njm 22002777a 4500</leader>
   <datafield ind2=" " ind1=" " tag="042">
      <subfield code="a">dc</subfield>
   </datafield>
   <datafield ind2=" " ind1=" " tag="720">
      <subfield code="a">Pizarro Jimeno, Rubén</subfield>
      <subfield code="e">author</subfield>
   </datafield>
   <datafield ind2=" " ind1=" " tag="260">
      <subfield code="c">2018-06</subfield>
   </datafield>
   <datafield ind2=" " ind1=" " tag="520">
      <subfield code="a">KAOS (Campus Ostiense) es un proyecto que se desarrolla en la ciudad eterna, o la ciudad del travertino, concretamente en el “quartiere Ostiense”, barrio que tiene una mochila cargada de historia, arte urbano y un presente en continuo cambio. La parcela se encuentra cerca de la&#xd;
línea B del metro de Roma, línea que conecta la gran mayoría de campus universitarios romanos. Se propone un proyecto mixto residencial-vivienda de alquiler dirigido a acoger usuarios potenciales de esta línea que se sobrenombra como “línea campus”. Un proyecto que potencia&#xd;
la idea de convivir en un edificio que sea en sí un “campus” con espacios comunes, espacios al aire libre, y servicios. Un proyecto con la máxima de conservar una preexistencia que dentro del contexto de barrio toma mucha importancia y relevancia. El proceso proyectual pasa por el concepto de ”ir quitando todas las partes que sobraban” a un bloque de travertino imaginario. Al cual se le van realizando tallos hasta conseguir la volumetría final. Seguidamente se pasa al proceso de pensar el sistema de unidades habitables agregativas, su relación con las demás y las casuísticas a la hora de repartirlas por el edificio. Las unidades habitables se conciben como espacios adaptables y cambiantes a lo largo del día, pensado el mobiliario y los cerramientos interiores pa que trabajen conjuntamente en este objetivo. KAOS es un proyecto que acaba dando respuesta a una situación y unos objetivos iniciales, que busca en los detalles dar solución a la variedad de intenciones proyectuales y de diseño.&#xd;
Generando un nuevo hábitat para la ciudad de Roma.</subfield>
   </datafield>
   <datafield tag="653" ind2=" " ind1=" ">
      <subfield code="a">Àrees temàtiques de la UPC::Arquitectura::Tipologies d'edificis</subfield>
   </datafield>
   <datafield tag="653" ind2=" " ind1=" ">
      <subfield code="a">Dwellings</subfield>
   </datafield>
   <datafield tag="653" ind2=" " ind1=" ">
      <subfield code="a">Habitatges</subfield>
   </datafield>
   <datafield ind2="0" ind1="0" tag="245">
      <subfield code="a">KAOS : Campus Ostiense</subfield>
   </datafield>
</record></metadata></record></GetRecord></OAI-PMH>